| 000 | 00339nam a22001337a 4500 | ||
|---|---|---|---|
| 008 | 181029b xxu||||| |||| 00| 0 eng d | ||
| 020 | _a2740295410778 | ||
| 041 | _aeng | ||
| 080 | _a941 | ||
| 100 | _a16 | ||
| 101 | _aHIS | ||
| 245 |
_aA Brief History Ancient Greece Politics Society And Culture _cPomeroy.S.B |
||
| 942 |
_2udc _cBK |
||
| 999 |
_c50985 _d50985 |
||